Modelovanie inflácie v SR bakalárska práca

Salvato in:
Dettagli Bibliografici
Autore principale: Králik, Atila
Ente Autore: Fakulta hospodárskej informatiky EU. Katedra operačného výskumu a ekonometrie
Altri autori: König, Brian, 1983-
Natura: Libro
Lingua:slovacco
Pubblicazione: Bratislava 2011
Tags: Aggiungi Tag
Nessun Tag, puoi essere il primo ad aggiungerne!!

MARC

LEADER 00000nbm a2200000 4500
001 0151939
005 20120525084552.9
041 0 |a slo 
044 |a SK 
245 1 0 |a Modelovanie inflácie v SR  |b bakalárska práca  |c Atila Králik ; školiteľ: Brian König 
264 1 |a Bratislava  |c 2011 
300 |a 33 s. 
100 1 |a Králik, Atila 
700 1 |a König, Brian, 1983- 
710 2 |a Fakulta hospodárskej informatiky EU. Katedra operačného výskumu a ekonometrie